000 01009pam a2200289 a 4500
001 3907542
003 OSt
005 20140310182048.0
008 911022s1992 txua b 000 0 eng
010 _a 91041830
020 _a0849933137
040 _aDLC
_cDLC
_dDLC
050 0 0 _aBV 4527
_b.J66 1992
082 0 0 _aHS 248.4
_bJ63 1992
100 1 _aJohnson, Barbara
_q(Barbara E.)
_911793
245 1 0 _aSplashes of joy in the cesspools of life /
_cBarbara Johnson.
260 _aDallas :
_bWord Pub.,
_cc1992.
300 _a228 p. :
_bill. ;
_c18 cm.
600 1 0 _aJohnson, Barbara
_q(Barbara E.)
_911794
650 0 _aWomen
_xReligious life.
_911795
650 0 _aWomen
_xConduct of life.
_911796
856 4 2 _3Publisher description
_uhttp://www.loc.gov/catdir/enhancements/fy0609/91041830-d.html
906 _a7
_bcbc
_corignew
_d1
_eocip
_f19
_gy-gencatlg
942 _2lcc
_cHS
999 _c8913
_d8913